Capital gains tax : (Record no. 103496)

MARC details
000 -LEADER
fixed length control field 00599nam a22001937a 4500
005 - DATE AND TIME OF LATEST TRANSACTION
control field 20160921114223.0
010 ## - LCCN (DPL NO)
LC control number ENG-116028
020 ## - INTERNATIONAL STANDARD BOOK NUMBER
International Standard Book Number 9789351438304
Terms of availability 750.00
035 ## - SYSTEM CONTROL NUMBER
System control number EN-99560
037 ## - SOURCE OF ACQUISITION
Source of stock number/acquisition DBAD/PUB
082 ## - DEWEY DECIMAL CLASSIFICATION NUMBER
Classification number 343.54052
100 ## - MAIN ENTRY--PERSONAL NAME
Personal name Suresh,T.G.
245 ## - TITLE STATEMENT
Title Capital gains tax :
Statement of responsibility, etc by T.G. Suresh
Remainder of title law and practice /
250 ## - EDITION STATEMENT
Edition statement 2nd ed.
260 ## - PUBLICATION, DISTRIBUTION, ETC. (IMPRINT)
Place of publication, distribution, etc Gurgaon
Name of publisher, distributor, etc LexisNexis
Date of publication, distribution, etc 2016
270 ## - ADDRESS
Address 14th Floor, Building No.10, Tower-B, DLF Cyber City, Phase-II
City Gurgaon (Haryana)
Postal code 122002
300 ## - PHYSICAL DESCRIPTION
Extent lxi,450p.
Dimensions 24cm(pbk)
942 ## - ADDED ENTRY ELEMENTS (KOHA)
Source of classification or shelving scheme Dewey Decimal Classification
Item type English Books
Call number suffix SUR
Classification part 343.54052
Holdings
Withdrawn status Lost status Not for loan Collection code Home library Current library Date acquired Source of acquisition Cost, normal purchase price Full call number Barcode Copy number Cost, replacement price Koha item type
      Non-fiction R.K.Puram-8 R.K.Puram-8 21/09/2016 DBAD/PUB 750.00 343.54052 SUR EN-99560 1 750.00 English Books

© Delhi Public Library
Hit Counter
free hit counter